| 000 | 00399pab a2200145 454500 | ||
|---|---|---|---|
| 008 | 180718b1985 xxu||||| |||| 00| 0 eng d | ||
| 100 | _aRangaramu, B.N. | ||
| 245 | _aInformation systems to aid urban planning | ||
| 260 | _c1985 | ||
| 300 | _a232-47 | ||
| 362 | _aOct.-Dec. | ||
| 650 | _aCity Planning - India | ||
| 773 | _aQuarterly Journal of the Local Self - Government Institute | ||
| 909 | _a5499 | ||
| 999 |
_c5499 _d5499 |
||